Central Library OPAC University of Rajshahi

Influence of Shakespeare on Bengali literature : (Record no. 81970)

MARC details
000 -LEADER
fixed length control field 00993nam a2200253 a 4500
001 - CONTROL NUMBER
RUCL Control Number 81970
003 - CONTROL NUMBER IDENTIFIER
rucl marc code BD-RjUL
005 - DATE AND TIME OF LATEST TRANSACTION
control field 20230921152221.0
008 - FIXED-LENGTH DATA ELEMENTS--GENERAL INFORMATION
fixed length control field 230921s2009 bg ||||| m||| 00| 0 eng d
035 ## - SYSTEM CONTROL NUMBER
system control number (BD-RjUL)81970
040 ## - CATALOGING SOURCE
Original cataloging agency BD-RjUL
Language of cataloging eng
Transcribing agency BD-RjUL
Modifying agency BD-RjUL
041 ## - LANGUAGE CODE
Language code of Book eng
082 ## - DEWEY DECIMAL CLASSIFICATION NUMBER
DDC Edition number 23
Author mark and Year RAI 2009
Classification number 891.4409
100 ## - MAIN ENTRY--PERSONAL NAME
Personal name Rabbani, Golam
9 (RLIN) 9137
245 10 - TITLE STATEMENT
Title Influence of Shakespeare on Bengali literature :
Remainder of title The Nineteenth and Twentieth Centuries /
Statement of responsibility, etc Golam Rabbani ;
Name of Supervisor/Co-Supervisor Supervisor : M. Enamul Haque, Co-Supervisor : Fakrul Alam
260 ## - PUBLICATION, DISTRIBUTION, ETC. (IMPRINT)
Place of publication, distribution, etc Rajshahi :
Name of publisher, distributor, etc Institute of Bangladesh Studies, University of Rajshahi,
Date of publication, distribution, etc 2009
300 ## - PHYSICAL DESCRIPTION
Pagination xiv, 351 Leaves ;
Dimensions 29 cm.
502 ## - DISSERTATION NOTE
Dissertation note Thesis (Ph. D.) -- Institute of Bangladesh Studies, University of Rajshahi, 2009
504 ## - BIBLIOGRAPHY, ETC. NOTE
Bibliography, etc Bibliography : Leaves 338-351
650 ## - SUBJECT ADDED ENTRY--TOPICAL TERM
Topical term or geographic name as entry element Bengali literature
Form subdivision History and Criticism
700 ## - ADDED ENTRY--SUPERVISOR/CO-SUPERVISOR NAME
Personal name Haque, M. Enamul, Supervisor
9 (RLIN) 9141
Personal name Alam, Fakrul, Co-Supervisor
9 (RLIN) 9142
942 ## - ADDED ENTRY ELEMENTS (KOHA)
Source of classification or shelving scheme Dewey Decimal Classification
Koha item type Theses
Holdings
Source of classification or shelving scheme Damaged status Not for loan Collection code Permanent Location Current Location Shelving location Date of accession Source of acquisition Full call number Barcode Date last seen Copy number Thesis
Dewey Decimal Classification   Not For Loan Theses Central Library, University of Rajshahi Central Library, University of Rajshahi Documentation Section 13/12/2014 Controller of Exam. R. U. THE 891.4409 RAI 2009 D3700 21/09/2023 C-1 Theses